| 000 | 00575nam a22001937a 4500 | ||
|---|---|---|---|
| 003 | OSt | ||
| 005 | 20160922150549.0 | ||
| 008 | 160922b xxu||||| |||| 00| 0 eng d | ||
| 020 | _a0340554215 | ||
| 040 | _cDNLM. | ||
| 082 | _aWK835H999 1993, | ||
| 100 |
_aEdited by Frier,Brian;Fisher,Miles; _911105 |
||
| 245 |
_aHypoglycaemia and Diabetes: _bClinical and Physiological aspects. |
||
| 260 |
_aLondon; _aBoston; _bEdward Alnold; _c1993. |
||
| 300 |
_ax,405p; _bill: _c25cm. |
||
| 504 | _aincludes References and Index. | ||
| 650 |
_aNeuroScience. _93157 |
||
| 942 |
_2z _cO_SHELF |
||
| 999 |
_c5277 _d5277 |
||